Fire drill / (Record no. 5171)

MARC details
000 -LEADER
fixed length control field 00955nam a22003017a 4500
001 - CONTROL NUMBER
control field 5171
003 - CONTROL NUMBER IDENTIFIER
control field FISKH
005 - DATE AND TIME OF LATEST TRANSACTION
control field 20241108123549.0
008 - FIXED-LENGTH DATA ELEMENTS--GENERAL INFORMATION
fixed length control field 241108b cb ||||| |||| 00| 0 eng d
020 ## - INTERNATIONAL STANDARD BOOK NUMBER
International Standard Book Number 9780545480949
040 ## - CATALOGING SOURCE
Original cataloging agency FISKH
Language of cataloging eng
Transcribing agency FISKH
Modifying agency FISKH
050 ## - LIBRARY OF CONGRESS CALL NUMBER
Classification number PZ8.J1383
082 ## - DEWEY DECIMAL CLASSIFICATION NUMBER
Classification number 576
100 ## - MAIN ENTRY--PERSONAL NAME
Personal name Jacobs, Dubois Paul
245 ## - TITLE STATEMENT
Title Fire drill /
Statement of responsibility, etc. Paul DuBois Jacobs and Jennifer Swender illustrated by Huy Voun Lee
250 ## - EDITION STATEMENT
Edition statement First printing in 2012
260 ## - PUBLICATION, DISTRIBUTION, ETC.
Place of publication, distribution, etc. New York :
Name of publisher, distributor, etc. Scholastic,
Date of publication, distribution, etc. 2012.
300 ## - PHYSICAL DESCRIPTION
Extent 30 pages :
Other physical details Color illustrations ;
Dimensions 18 cm
505 ## - FORMATTED CONTENTS NOTE
Formatted contents note E<br/>
520 ## - SUMMARY, ETC.
Summary, etc. In this story told in brief rhyming text, students in a class follow the proper procedures during a fire drill.
521 8# - TARGET AUDIENCE NOTE
Target audience note 180L<br/>
Source Lexile<br/>
521 8# - TARGET AUDIENCE NOTE
Target audience note E<br/>
Source Raz-Plus<br/><br/>
650 ## - SUBJECT ADDED ENTRY--TOPICAL TERM
Source of heading or term Firefighters
Topical term or geographic name entry element Fire
650 ## - SUBJECT ADDED ENTRY--TOPICAL TERM
Source of heading or term Picture book
Topical term or geographic name entry element Community helpers
700 ## - ADDED ENTRY--PERSONAL NAME
Personal name Lee, Voun Huy
Dates associated with a name Illustrator
942 ## - ADDED ENTRY ELEMENTS (KOHA)
Source of classification or shelving scheme Dewey Decimal Classification
Koha item type Books
Suppress in OPAC No
Holdings
Withdrawn status Lost status Source of classification or shelving scheme Damaged status Not for loan Collection Home library Current library Shelving location Date acquired Total Checkouts Full call number Barcode Date last seen Copy number Price effective from Koha item type
    Dewey Decimal Classification     Fiction Footprints International School Library Network Toul Kork Campus Footprints International School Library Network Toul Kork Campus TK Primary Library Room(4th Floor), Bookcase 7, Shelves 57-60, Dark Green Books 11/08/2024   JAC 576 PZ8.J1383 2024-2310 11/08/2024 1 11/08/2024 Books